1254 1900 1453 1835 1461 1806 1495 1393 1728 1476 1885 1514 1057 1622 1662 1014 1384 1288 1798 1609 1329 1760 1538 1816 1097 1182 1961 1202 1405 1515 1335 1983 1444 1557 1393 1500 1580 1546 1412 1384 1654 1491 1263 1633 1518 1735 1679 1574 1988 1364 1296 1102 1124 1996 1009 1045 1946 1278 1230 1878 1059 1602 1330 1861 1307 1699 1089 1480 1449 1750 1855 1122 1332 1008 1311 1311 1499 1109 1089 1146 1195 2000 1646 1497 1955 1553 1042 1609 1075 1938 1503 1758 1162 1831 1837 1647 1822 1316 1125 BCNSPRNW ULIB Ver.6.0+V

เปลี่ยนเป็นภาษาไทย

Change to English
 แสดงรายละเอียดบรรณานุกรม
  กลับหน้าหลัก

Brief Record : Get Marc (ISO 2709) : E-mail record : QR code < ปิดหน้าต่าง
LEADER : 00000nam 2200000uu 4500
001    13399110414
003     ULIB
008    110520s2011||||th 000 0 eng d
020    9780323057394
060 04 WY100^bA244 2011
245 00 Study guide adult health nursing /^c[edited by] Barbara LauritsenChristensen, Elaine Oden Kockrow
250    6th ed.
260    St. Louis, Mo. :^bElsevier Mosby,^cc2011
300    1 v. (various pagings) :^bill. (some col.) ;^c28 cm. +^e1CD-ROM (4 3/4 in.)
504    Includes bibliographical references and index
650  0 Nursing^xStudy guide
650  0 Practical nursing
650  2 Nursing Care
700 1  Christensen, Barbara Lauritsen,^eed.
700 1  Kockrow, Elaine Oden,^eed.
945    ^p0^l0^i030089
995     Kesorn
999    ^aใช้งานได้ทุกระบบ
รายการนี้ยังไม่มีแท็ก
คุณยังไม่ได้ล็อกอิน คุณสามารถมีกิจกรรมร่วมกับเว็บไซต์ได้ แต่ต้องล็อกอินก่อน ::
  ล็อกอิน

รายการสื่อสารสนเทศ

ลำดับที่ ประเภท เลขเรียก/บาร์โค้ด สถานที่ สถานะ
- ไม่พบข้อมูล -

รายการใกล้เคียง
    หัวเรื่อง [Practical nursing]
    หัวเรื่อง [Nursing Care]

BibComment


ยังไม่เคยถูกคอมเมนท์

คอมเมนท์ทรัพยากรรายการนี้
  คอมเมนท์: Study guide adult..


 Copyright 2026. Bcnsprnw @Library